| 000 | 01053nam a2200241Ia 4500 | ||
|---|---|---|---|
| 999 |
_c35756 _d35756 |
||
| 001 | 1635 | ||
| 003 | GE_BSU | ||
| 005 | 20210121135811.0 | ||
| 008 | 181216s209 ||||ge |||||||||||||| ||geo|| | ||
| 020 | _a9789941409684 | ||
| 040 | _cGE_BSU | ||
| 041 | _ageo | ||
| 080 | _a624.014(075.8) ფ–30 | ||
| 100 |
_aფარცხალაძე,გ. მშვენიერაძე,ი. _910076 |
||
| 245 |
_aლითონის კონსტრუქციები : _bწ.1. კონსტრუქციის ელემენტები. სახელმძღვანელო. _cგ. ფარცხალაძე, ი. მშვენიერაძე. |
||
| 264 |
_aბათუმი : _bუნ-ტის გამ-ბა, _c2009. |
||
| 300 |
_a322 გვ. _b25 სმ. |
||
| 541 | _h25 ლ. | ||
| 653 | _aლითონის კონსტრუქციები. | ||
| 653 | _aინჟინერია | ||
| 700 |
_aმშვენიერაძე, ინგუშა _eავტორი _910077 |
||
| 942 |
_cBK _2udc |
||